Routledge handbook of archaeology and globalization (Record no. 1434600)

MARC details
000 -LEADER
fixed length control field 00742nam a22002417a 4500
005 - DATE AND TIME OF LATEST TRANSACTION
control field 20250806164708.0
008 - FIXED-LENGTH DATA ELEMENTS--GENERAL INFORMATION
fixed length control field 250806b |||||||| |||| 00| 0 eng d
020 ## - INTERNATIONAL STANDARD BOOK NUMBER
International Standard Book Number 978-415-84130-6 (hbk)
037 ## - SOURCE OF ACQUISITION
Terms of availability REF
040 ## - CATALOGING SOURCE
Original cataloging agency AL
Transcribing agency AL
041 ## - LANGUAGE CODE
Source of code ENG
Language code of text/sound track or separate title ENG
084 ## - COLON CLASSIFICATION NUMBER
Classification number V1:71g Q7
Assigning agency AL
100 ## - MAIN ENTRY--PERSONAL NAME
Personal name Hodos, Tamar
9 (RLIN) 817348
245 ## - TITLE STATEMENT
Title Routledge handbook of archaeology and globalization
260 ## - PUBLICATION, DISTRIBUTION, ETC.
Place of publication, distribution, etc. New York, USA
Name of publisher, distributor, etc. Routledge,
Date of publication, distribution, etc. 2017
300 ## - PHYSICAL DESCRIPTION
Extent xxiv,970p.
365 ## - TRADE PRICE
Price amount 175.00
Currency code UKP
650 ## - SUBJECT ADDED ENTRY--TOPICAL TERM
Topical term or geographic name entry element HISTORY
650 ## - SUBJECT ADDED ENTRY--TOPICAL TERM
Topical term or geographic name entry element Archaeology
9 (RLIN) 256899
700 ## - ADDED ENTRY--PERSONAL NAME
Personal name Hodos, Tamar
Relator term Editor
9 (RLIN) 817348
942 ## - ADDED ENTRY ELEMENTS (KOHA)
Source of classification or shelving scheme Colon Classification (CC)
Koha item type Reference
Classification part V1:71g Q7
Suppress in OPAC No
Holdings
Withdrawn status Lost status Source of classification or shelving scheme Damaged status Not for loan Home library Current library Date acquired Source of acquisition Cost, normal purchase price Inventory number Total Checkouts Full call number Barcode Date last seen Price effective from Koha item type
    Colon Classification (CC)     Arts Library Arts Library 2025-08-06 Classic Book Service 175.00 191 & 17/01/2018   V1:71g Q7 AL1631161 2025-08-06 2025-08-06 Reference
Copyright @ Delhi University Library System